Catálogo público

Nonparametrics for sensory science: a more informative approach/J. C. W. Rayner and others (Record no. 209336)

MARC details
000 -CABECERA
campo de control de longitud fija 00750nam a2200241Ia 4500
001 - NÚMERO DE CONTROL
campo de control dia_3585
003 - IDENTIFICADOR DEL NÚMERO DE CONTROL
campo de control CHAP
005 - FECHA Y HORA DE LA ÚLTIMA TRANSACCIÓN
campo de control 20251021153545.0
008 - DATOS DE LONGITUD FIJA--INFORMACIÓN GENERAL
campo de control de longitud fija 220601s9999 xx 000 0 und d
020 ## - NÚMERO INTERNACIONAL ESTÁNDAR DEL LIBRO
Número Internacional Estándar del Libro 0-8138-1112-0
040 ## - FUENTE DE LA CATALOGACIÓN
Centro/agencia transcriptor CHAP
082 ## - NÚMERO DE LA CLASIFICACIÓN DECIMAL DEWEY
Número de clasificación 664.07 R3
100 ## - ENTRADA PRINCIPAL--NOMBRE DE PERSONA
Nombre de persona Rayner, J. C. W.
9 (RLIN) 175841
245 ## - MENCIÓN DE TÍTULO
Título Nonparametrics for sensory science: a more informative approach/J. C. W. Rayner and others
260 ## - PUBLICACIÓN, DISTRIBUCIÓN, ETC.
Lugar de publicación, distribución, etc. Estados Unidos de América: Blackwell Publishing
300 ## - DESCRIPCIÓN FÍSICA
Extensión 175 p.
500 ## - NOTA GENERAL
Nota general I. 227063
650 ## - PUNTO DE ACCESO ADICIONAL DE MATERIA--TÉRMINO DE MATERIA
Término de materia o nombre geográfico como elemento de entrada 1. Evaluación sensorial2. Evaluación sensorial-EstadísticaÌ
9 (RLIN) 175842
901 ## - ELEMENTOS DE DATOS A LOCAL LDA (RLIN)
a 664.07 R3
902 ## - ELEMENTOS DE DATOS B LOCAL, LDB (RLIN)
a M
905 ## - ELEMENTOS DE DATOS E LOCAL, LDE (RLIN)
a 0000002005 -us 0000000000eng00
942 ## - ELEMENTOS DE PUNTO DE ACCESO ADICIONAL (KOHA)
Tipo de ítem Koha Libro
Fuente del sistema de clasificación o colocación Dewey Decimal Classification
Holdings
Estado de retiro Estado de pérdida Fuente del sistema de clasificación o colocación Estado dañado No para préstamo Código de colección Localización permanente Ubicación/localización actual Ubicación en estantería Fecha de adquisición Total de préstamos Código de barras Fecha visto por última vez Fecha del último préstamo Número de copia Precio válido a partir de Tipo de ítem Koha
    Dewey Decimal Classification     General Ingenieria Agroindustrial Ingenieria Agroindustrial   01/06/2022 2 dia_6074 16/01/2025 25/11/2024 1 01/06/2022 Libro